Daring to win : (Record no. 185506)

000 -LEADER
fixed length control field 00849 a2200217 4500
003 - CONTROL NUMBER IDENTIFIER
control field Nust
005 - DATE AND TIME OF LATEST TRANSACTION
control field 20230307112651.0
010 ## - LIBRARY OF CONGRESS CONTROL NUMBER
LC control number 93189387
020 ## - INTERNATIONAL STANDARD BOOK NUMBER
International Standard Book Number 1854091557 :
035 ## - SYSTEM CONTROL NUMBER
System control number (OCoLC)27937198
040 ## - CATALOGING SOURCE
Transcribing agency Nust
082 ## - DEWEY DECIMAL CLASSIFICATION NUMBER
Classification number 355.07,ESH
100 1# - MAIN ENTRY--PERSONAL NAME
Personal name Eshel, David.
9 (RLIN) 46708
245 10 - TITLE STATEMENT
Title Daring to win :
Remainder of title special forces at war /
Statement of responsibility, etc. David Eshel.
260 ## - PUBLICATION, DISTRIBUTION, ETC.
Place of publication, distribution, etc. London :
Name of publisher, distributor, etc. Arms and Armour ;
Place of publication, distribution, etc. New York, NY :
Name of publisher, distributor, etc. Distributed in the USA by Sterling Pub. Co.,
Date of publication, distribution, etc. c1992.
300 ## - PHYSICAL DESCRIPTION
Extent 214 p.;
Other physical details ill. ;
Dimensions 24 cm.
505 ## - FORMATTED CONTENTS NOTE
Formatted contents note Part.1 Great Commando Actions (Page-9), Part.2 Post-War Elite Actions (Page-103), Part.3 Raiders From the Sky (Page-167), Part.4 Warriors of the Sea (Page-195).
650 #0 - SUBJECT ADDED ENTRY--TOPICAL TERM
Topical term or geographic name entry element Military history, Modern
Chronological subdivision 20th century.
9 (RLIN) 105933
650 #0 - SUBJECT ADDED ENTRY--TOPICAL TERM
Topical term or geographic name entry element Special forces (Military science)
General subdivision History
Chronological subdivision 20th century.
9 (RLIN) 109938
942 ## - ADDED ENTRY ELEMENTS (KOHA)
Source of classification or shelving scheme
Koha item type Book
Holdings
Withdrawn status Lost status Source of classification or shelving scheme Damaged status Not for loan Permanent Location Current Location Shelving location Date acquired Full call number Barcode Date last seen Price effective from Koha item type Public note Collection code Total Checkouts
          Military College of Signals (MCS) Military College of Signals (MCS) General Stacks 12/12/2016 355.07,ESH MCS28966 12/08/2016 12/12/2016 Book Almirah No.74, Shelf No.1    
          Military College of Signals (MCS) Military College of Signals (MCS) General Stacks 12/12/2016 355.07,ESH MCS28967 12/08/2016 12/12/2016 Book Almirah No.74, Shelf No.1    
          Military College of Signals (MCS) Military College of Signals (MCS) General Stacks 12/12/2016 355.07,ESH MCS28968 12/08/2016 12/12/2016 Book Almirah No.74, Shelf No.1    
          Military College of Signals (MCS) Military College of Signals (MCS)   12/12/2016 355.07 ESH MCS28969 12/08/2016 12/12/2016 Book      
© 2023 Central Library, National University of Sciences and Technology. All Rights Reserved.